00469nam a2200193 a 4500001001300000003000900013005001700022008004100039020001100080082001900091100002000110245001800130260003600148300000900184500003500193505001000228650001700238700002000255nice12345678IN_TiNIC20260116012804.0050524s1958 hyda grp 000 0 urd  ac1.2500a491.43982bHYD aHyder, Syed Ali aQawaid-E-Urdu aHyderabadbHyder and Sonsc1958 a168p aincludes index and biblioraphy2 aIndex aUrdu-Grammar1 aHyder, Syed Ali